Central Library and Information Centre
Sibsagar Girls' College, Sivasagar : Assam

HIGHER EDUCATION IN INDIA SINCE INDEPENDENCE (UGC AND IN APPROACH) (Record no. 5537)

MARC details
000 -LEADER
fixed length control field 00475cam a2200181ua 4500
008 - FIXED-LENGTH DATA ELEMENTS--GENERAL INFORMATION
fixed length control field 191125n1995 II |||gr||||Z||||||eng
040 ## - CATALOGING SOURCE
Original cataloging agency MAIN
041 ## - LANGUAGE CODE
-- English
041 ## - LANGUAGE CODE
-- eng
082 ## - DEWEY DECIMAL CLASSIFICATION NUMBER
Classification number 370.54 GUP
100 ## - MAIN ENTRY--PERSONAL NAME
Personal name GUPTA, OM PRAKASH.
245 ## - TITLE STATEMENT
Title HIGHER EDUCATION IN INDIA SINCE INDEPENDENCE (UGC AND IN APPROACH)
260 ## - PUBLICATION, DISTRIBUTION, ETC.
Place of publication, distribution, etc. NEW DELHI
Name of publisher, distributor, etc. CONCEPT PUBLISHING COOPERATION
Date of publication, distribution, etc. 1995
300 ## - PHYSICAL DESCRIPTION
Extent 311:
Dimensions 22CM.
942 ## - ADDED ENTRY ELEMENTS (KOHA)
Koha item type Books
653 ## - INDEX TERM--UNCONTROLLED
Uncontrolled term Indian Education
Holdings
Withdrawn status Lost status Damaged status Not for loan Collection code Home library Current library Shelving location Date acquired Full call number Barcode Date last seen Copy number Price effective from Koha item type Public note
        TBEDU Central Library and Information Centre Sibsagar Girls College Central Library and Information Centre Sibsagar Girls College EDUCATION BOOK RACK 19.06.1995 370.54 GUP 13553 27.02.2020 1 27.02.2020 Books V


Sibsagar Girl's College © 2020. All rights reserved.
Powered by Koha.
Maintained by Abhijit Borpuzari.